Biochemical calculations : (Record no. 20962)

MARC details
000 -LEADER
fixed length control field 01004cam a22003015a 4500
001 - CONTROL NUMBER
control field 3634687
005 - DATE AND TIME OF LATEST TRANSACTION
control field 20240818093004.0
008 - FIXED-LENGTH DATA ELEMENTS--GENERAL INFORMATION
fixed length control field 750715t1976 nyua frb 001 0 eng d
010 ## -
-- 75023140
020 ## - INTERNATIONAL STANDARD BOOK NUMBER
International Standard Book Number 9780471774211
040 ## - CATALOGING SOURCE
Original cataloging agency DLC
Language of cataloging eng
Transcribing agency DLC
Modifying agency DLC
-- EG-ScBUE
082 04 - DEWEY DECIMAL CLASSIFICATION NUMBER
Classification number 572.0151
Item number SEG
Edition number 22
100 1# - MAIN ENTRY--PERSONAL NAME
Personal name Segel, Irwin H.,
Dates associated with a name 1935-
9 (RLIN) 38559
245 10 - TITLE STATEMENT
Title Biochemical calculations :
Remainder of title how to solve mathematical problems in general biochemistry /
Statement of responsibility, etc Irwin H. Segel.
250 ## - EDITION STATEMENT
Edition statement 2nd ed.
260 ## -
-- Hoboken :
-- John Wiley & Sons,
-- c.1976.
300 ## - PHYSICAL DESCRIPTION
Extent xiii, 441 p. :
Other physical details ill. ;
Dimensions 26 cm.
336 ## - CONTENT TYPE
Source rdacontent
Content type term text
Content type code txt
337 ## - MEDIA TYPE
Media type term unmediated
Source rdamedia
Media type code n
338 ## - CARRIER TYPE
Carrier type term volume
Carrier type code nc
Source rdacarrier
500 ## - GENERAL NOTE
General note Index : p. 435-441.
504 ## - BIBLIOGRAPHY, ETC. NOTE
Bibliography, etc Includes bibliographical references.
650 #0 - SUBJECT ADDED ENTRY--TOPICAL TERM
Topical term or geographic name as entry element Biochemistry
General subdivision Problems, exercises, etc.
Source of heading or term BUEsh
651 ## - SUBJECT ADDED ENTRY--GEOGRAPHIC NAME
Source of heading or term BUEsh
653 ## - INDEX TERM--UNCONTROLLED
Resource For college Pharmacy
Arrived date list October2015
655 ## - INDEX TERM--GENRE/FORM
Form subdivision Reading book
9 (RLIN) 34232
942 ## - ADDED ENTRY ELEMENTS (KOHA)
Source of classification or shelving scheme Dewey Decimal Classification
Call number prefix 572.0151 SEG
Classification part RDA-MOD
Holdings
Withdrawn status Lost status Source of classification or shelving scheme Damaged status Not for loan Collection code Home library Current library Shelving location Date acquired Source of acquisition Total Checkouts Total Renewals Full call number Barcode Checked out Date last seen Date checked out Price effective from Koha item type
    Dewey Decimal Classification     Baccah Central Library Central Library First floor 25/10/2015 Purchase 1 3 572.0151 SEG 000031154 21/01/2021 10/12/2019 10/12/2019 25/10/2015 Book - Borrowing